00281nam a2200121Ia 4500008004100000082001100041245001800052250000600070260003900076300000800115630001800123730001800141090124s9999 xx 000 0 und d b301740 a बाधा a1 bसामंत मायाc1986 a137 a बाधा a बाधा